|
|
|
|
| LEADER |
00000nam2a2200000 4500 |
| 001 |
296852 |
| 005 |
20231102000940.0 |
| 035 |
|
|
|a (RuTPU)RU\TPU\book\321960
|
| 090 |
|
|
|a 296852
|
| 100 |
|
|
|a 20150603d1984 km y0rusy50 ca
|
| 101 |
0 |
|
|a rus
|
| 102 |
|
|
|a RU
|
| 105 |
|
|
|a a z 001zy
|
| 200 |
0 |
|
|a Сборник № 86/43 : Дробление горных пород взрывом
|f под ред. Б. Н. Кутузова, Е. П. Максимовой
|
| 210 |
|
|
|d 1984
|
| 215 |
|
|
|a 243 с.
|c ил.
|
| 320 |
|
|
|a Библиография в конце статей
|
| 461 |
|
1 |
|0 (RuTPU)RU\TPU\book\218495
|t Взрывное дело
|o [сборник статей]
|f Научно-техническое горное общество
|v Сборник № 86/43 : Дробление горных пород взрывом
|d 1960-1990
|
| 606 |
1 |
|
|a Взрывные работы
|2 stltpush
|3 (RuTPU)RU\TPU\subj\2381
|9 30957
|
| 610 |
1 |
|
|a горные породы
|
| 610 |
1 |
|
|a дробление
|
| 610 |
1 |
|
|a скальные массивы
|
| 610 |
1 |
|
|a интенсивность
|
| 610 |
1 |
|
|a гранулометрический состав
|
| 610 |
1 |
|
|a скважинные заряды
|
| 610 |
1 |
|
|a взрывное действие
|
| 610 |
1 |
|
|a параметры
|
| 610 |
1 |
|
|a мерзлые породы
|
| 610 |
1 |
|
|a сейсмическое действие
|
| 610 |
1 |
|
|a взрывы
|
| 675 |
|
|
|a 622.235.6
|v 4
|
| 702 |
|
1 |
|a Кутузов
|b Б. Н.
|4 340
|
| 702 |
|
1 |
|a Максимова
|b Е. П.
|4 340
|
| 801 |
|
1 |
|a RU
|b 63413507
|c 20150603
|
| 801 |
|
2 |
|a RU
|b 63413507
|c 20181011
|g RCR
|
| 942 |
|
|
|c BK
|